000 00298nam a2200121Ia 4500
005 20251222140026.0
008 251222s1900||||xx |||||||||||||| ||spa||
082 _a128/G69
100 _aGonzález, Luis José & Otros
245 0 _aAntropología:
264 _bUniversidad Santo Tomás
942 _cLIB
999 _c2783
_d2783